| 000 | 01245nam a2200325 4500 | ||
|---|---|---|---|
| 003 | CO-CtgCURN | ||
| 005 | 20250331185141.0 | ||
| 007 | ta | ||
| 008 | 160627s2007 000 0 eng d | ||
| 020 | _a9788481749427 | ||
| 040 |
_aCO-CtgCURN _bspa _ccoctgcurn |
||
| 082 | 0 |
_a610.73 _bE533 |
|
| 110 | 2 | _aEmergency Nurses Association. | |
| 245 | 1 | 0 |
_aSheehy manual de urgencia de enfermeria / _cEmergency Nurses Association, dirigido por: Lorene Newberry, Laura M. Criddle. |
| 250 | _a6a ed. | ||
| 260 |
_aMadrid : _bElsevier, _c2007. |
||
| 300 | _axvii; 955 p. | ||
| 336 | _2rdacontent | ||
| 337 |
_2rdamedia _asin mediacion _bn |
||
| 338 |
_2rdacarrier _avolumen _bnc |
||
| 500 | _aIncluye indice alfabetico. | ||
| 505 | 8 | _aPrincipios basicos de la enfermeria de urgencias -- Principios clinicos de la enfermeria de urgencias -- Emergencias medicas -- Traumatismo -- Temas especiales | |
| 534 | _aSheehys manual of emergency care. | ||
| 650 | 1 | 4 |
_aEnfermeria de urgencias _vManuales. |
| 700 | 1 | _aNewberry, Lorene, director. | |
| 908 | _a160627 | ||
| 942 |
_cBK _h610.73 _iE533 _2ddc |
||
| 999 |
_c21359 _d21359 |
||